Four-Digit Prime Numbers by Tens (Part 2: 2000-3000) - Statistics

General Stats
  • This quiz has been taken 47 times
  • The average score is 86 of 100
Answer Stats
Hint Answer % Correct
2241, 2243, 2247, 2249 13
98%
2081, 2083, 2087, 2089 4all
98%
2041, 2043, 2047, 2049 0none
95%
2101, 2103, 2107, 2109 0none
95%
2181, 2183, 2187, 2189 0none
95%
2191, 2193, 2197, 2199 0none
95%
2321, 2323, 2327, 2329 0none
95%
2161, 2163, 2167, 2169 11
95%
2221, 2223, 2227, 2229 11
95%
2001, 2003, 2007, 2009 13
95%
2051, 2053, 2057, 2059 13
95%
2151, 2153, 2157, 2159 13
95%
2211, 2213, 2217, 2219 13
95%
2271, 2273, 2277, 2279 13
95%
2031, 2033, 2037, 2039 19
95%
2091, 2093, 2097, 2099 19
95%
2171, 2173, 2177, 2179 19
95%
2301, 2303, 2307, 2309 19
95%
2141, 2143, 2147, 2149 21, 3
95%
2011, 2013, 2017, 2019 21, 7
95%
2131, 2133, 2137, 2139 21, 7
95%
2341, 2343, 2347, 2349 21, 7
95%
2291, 2293, 2297, 2299 23, 7
95%
2061, 2063, 2067, 2069 23, 9
95%
2391, 2393, 2397, 2399 23, 9
95%
2021, 2023, 2027, 2029 27, 9
95%
2261, 2263, 2267, 2269 27, 9
95%
2071, 2073, 2077, 2079 0none
93%
2491, 2493, 2497, 2499 0none
93%
2251, 2253, 2257, 2259 11
93%
2421, 2423, 2427, 2429 13
93%
2501, 2503, 2507, 2509 13
93%
2431, 2433, 2437, 2439 17
93%
2451, 2453, 2457, 2459 19
93%
2111, 2113, 2117, 2119 21, 3
93%
2591, 2593, 2597, 2599 21, 3
93%
2351, 2353, 2357, 2359 21, 7
93%
2371, 2373, 2377, 2379 21, 7
93%
2551, 2553, 2557, 2559 21, 7
93%
2531, 2533, 2537, 2539 21, 9
93%
2201, 2203, 2207, 2209 23, 7
93%
2331, 2333, 2337, 2339 23, 9
93%
2361, 2363, 2367, 2369 0none
90%
2511, 2513, 2517, 2519 0none
90%
2561, 2563, 2567, 2569 0none
90%
2581, 2583, 2587, 2589 0none
90%
2311, 2313, 2317, 2319 11
90%
2521, 2523, 2527, 2529 11
90%
2571, 2573, 2577, 2579 19
90%
2411, 2413, 2417, 2419 21, 7
90%
2471, 2473, 2477, 2479 23, 7
90%
2231, 2233, 2237, 2239 27, 9
90%
2401, 2403, 2407, 2409 0none
88%
2481, 2483, 2487, 2489 0none
88%
2461, 2463, 2467, 2469 17
88%
2121, 2123, 2127, 2129 19
88%
2281, 2283, 2287, 2289 21, 7
88%
2441, 2443, 2447, 2449 21, 7
88%
2541, 2543, 2547, 2549 23, 9
88%
2661, 2663, 2667, 2669 13
83%
2601, 2603, 2607, 2609 19
83%
2381, 2383, 2387, 2389 31, 3, 9
83%
2711, 2713, 2717, 2719 31, 3, 9
83%
2621, 2623, 2627, 2629 11
80%
2731, 2733, 2737, 2739 11
80%
2751, 2753, 2757, 2759 13
80%
2701, 2703, 2707, 2709 17
80%
2761, 2763, 2767, 2769 17
80%
2771, 2773, 2777, 2779 17
80%
2741, 2743, 2747, 2749 21, 9
80%
2691, 2693, 2697, 2699 23, 9
80%
2631, 2633, 2637, 2639 13
78%
2611, 2613, 2617, 2619 17
78%
2641, 2643, 2647, 2649 17
78%
2721, 2723, 2727, 2729 19
78%
2671, 2673, 2677, 2679 21, 7
78%
2791, 2793, 2797, 2799 21, 7
78%
2821, 2823, 2827, 2829 0none
76%
2941, 2943, 2947, 2949 0none
76%
2981, 2983, 2987, 2989 0none
76%
2911, 2913, 2917, 2919 17
76%
2921, 2923, 2927, 2929 17
76%
2781, 2783, 2787, 2789 19
76%
2811, 2813, 2817, 2819 19
76%
2871, 2873, 2877, 2879 19
76%
2801, 2803, 2807, 2809 21, 3
76%
2831, 2833, 2837, 2839 23, 7
76%
2901, 2903, 2907, 2909 23, 9
76%
2961, 2963, 2967, 2969 23, 9
76%
2651, 2653, 2657, 2659 27, 9
76%
2861, 2863, 2867, 2869 11
73%
2971, 2973, 2977, 2979 11
73%
2881, 2883, 2887, 2889 17
73%
2891, 2893, 2897, 2899 17
73%
2991, 2993, 2997, 2999 19
73%
2851, 2853, 2857, 2859 21, 7
73%
2951, 2953, 2957, 2959 23, 7
73%
2681, 2683, 2687, 2689 33, 7, 9
73%
2841, 2843, 2847, 2849 13
71%
2931, 2933, 2937, 2939 19
71%
No matching quizzes found
Score Distribution
Percent of People with Each Score
Percentile by Number Answered
Your Score History
You have not taken this quiz